Six-Word Idiom Match I Quiz Stats

 Plays Quiz not verified by Sporcle

Score 0/19 Timer 08:00
0 Plays Today
% Correct
Born with
98.8%
Cross that
96.5%
Let the
90.7%
In one
89.5%
Get up
88.4%
Take
86%
Burn
84.9%
Eat someone
80.2%
Keep
80.2%
Not
77.9%
% Correct
Have
77.9%
Warm
76.7%
Put
75.6%
That's
75.6%
Hair of
73.3%
At
67.4%
On
65.1%
Get
65.1%
Drive
61.6%

You're not logged in!

Compare scores with friends on all Sporcle quizzes.
OR
Log In

Sporcle TV

Today on Sporcle TV


Watch our educational content, quiz creation guides, and fun videos on Sporcle TV.

Show Comments

Extras

Created Feb 2, 2015SourceReportNominate
Tags:Clickable Quiz, idiom

Top Quizzes Today


Score Distribution

Your Account Isn't Verified!

In order to create a playlist on Sporcle, you need to verify the email address you used during registration. Go to your Sporcle Settings to finish the process.

Report this User

Report this user for behavior that violates our Community Guidelines.

Details: